000
00304nam a2200097Ia 4500
008
220204s9999 xx 000 0 und d
082
_a
331(540)
_b
REP
245
0
_a
Report on intensive type studies on rural labour in India: General report (1967-70)
260
_a
Chandigarh
_b
Ministry of labour
942
_c
BK
999
_c
39410
_d
39410